| 000 | 00931nam a2200289 i 4500 | ||
|---|---|---|---|
| 003 | DO-SdBNP | ||
| 005 | 20251030085251.0 | ||
| 007 | ta | ||
| 008 | 250703b2010 dr ||||| |||| 00| 0 spa d | ||
| 020 | _a9945854941 | ||
| 040 |
_aDO-SdBNP _bspa _cBNPHU _erda |
||
| 041 | _aspa | ||
| 082 | 4 |
_aRD863.44 _bB171c 2010 _222 |
|
| 100 | 1 |
_aBalaguer, Joaquín, _d1906-2002 _eautor _4aut. _976556 |
|
| 245 | 1 | 0 |
_aLos carpinteros / _cJoaquín Balaguer. |
| 250 | _aDecima quinta edición | ||
| 264 | 4 |
_aSanto Domingo : _bEdiciones de la Fundación Joaquín Balaguer, _c©2010. |
|
| 300 |
_a437 páginas ; _c23 cm. |
||
| 336 |
_atexto _btxt _2rdacontent |
||
| 337 |
_asin mediación _bn _2rdamedia |
||
| 338 |
_avolumen _bnc _2rdacarrier |
||
| 590 | _aInventariado, 2025/BT | ||
| 650 | 4 |
_aNovela histórica dominicana. _9860 |
|
| 650 | 4 |
_aLiteratura dominicana. _967 |
|
| 910 | _aBtavárez.Validado. Control de calidad/MAA | ||
| 942 |
_2ddc _cLBS1 |
||
| 999 |
_c59419 _d59419 |
||